Welcome to CU Library Online Public Access Catalogue (OPAC)

The synonym finder / (Record no. 7161)

MARC details
000 -LEADER
fixed length control field 00805cam a2200229 a 4500
001 - CONTROL NUMBER
control field 1932308
005 - DATE AND TIME OF LATEST TRANSACTION
control field 20250725094706.0
008 - FIXED-LENGTH DATA ELEMENTS--GENERAL INFORMATION
fixed length control field 860304t19861978nyu d 000 0 eng
020 ## - INTERNATIONAL STANDARD BOOK NUMBER
International Standard Book Number 0446370290
Qualifying information pbk.
020 ## - INTERNATIONAL STANDARD BOOK NUMBER
International Standard Book Number 9780446370295
Qualifying information (pbk.)
050 00 - LIBRARY OF CONGRESS CALL NUMBER
Classification number PE1591
Item number .R64 1986
082 00 - DEWEY DECIMAL CLASSIFICATION NUMBER
Classification number 423/.1
Edition information 19
100 1# - MAIN ENTRY--PERSONAL NAME
Personal name Rodale, J. I.
Fuller form of name (Jerome Irving),
Dates associated with a name 1898-1971.
245 14 - TITLE STATEMENT
Title The synonym finder /
Statement of responsibility, etc. J.I. Rodale ; completely revised by Laurence Urdang, editor in chief, and Nancy LaRoche, managing editor, editors, Faye C. Allen ... [et al.].
250 ## - EDITION STATEMENT
Edition statement Warner Books ed.
260 ## - PUBLICATION, DISTRIBUTION, ETC.
Place of publication, distribution, etc. New York, NY :
Name of publisher, distributor, etc. Warner Books,
Date of publication, distribution, etc. 1986, c1978.
300 ## - PHYSICAL DESCRIPTION
Extent 1361 p. ;
Dimensions 23 cm.
650 #0 - SUBJECT ADDED ENTRY--TOPICAL TERM
Topical term or geographic name entry element English language
General subdivision Synonyms and antonyms.
700 1# - ADDED ENTRY--PERSONAL NAME
Personal name Urdang, Laurence.
700 1# - ADDED ENTRY--PERSONAL NAME
Personal name LaRoche, Nancy.
942 ## - ADDED ENTRY ELEMENTS (KOHA)
Source of classification or shelving scheme Library of Congress Classification
Koha item type Books
Suppress in OPAC No
999 ## -
-- 7161
-- 7161
Holdings
Withdrawn status Lost status Source of classification or shelving scheme Damaged status Not for loan Collection Home library Current library Shelving location Date acquired Total checkouts Full call number Barcode Date last seen Copy number Price effective from Koha item type
    Library of Congress Classification     Reference Undergraduate Library (Christ Temple) Undergraduate Library (Christ Temple) General stacks 07/25/2025   REF PE1591 ROD ulct00004150 07/25/2025 1 07/25/2025 Books
© 2023-2024 Copyright: Central University Libraries. All Rights Reserved | Created by: Mahone Tech Office